Marketing in Europe

Na minha lista:
Detalhes bibliográficos
Formato: Periódico
Idioma:inglês
Publicado em: London Economist Intelligence Unit 1977
Tags: Adicionar Tag
Sem tags, seja o primeiro a adicionar uma tag!

MARC

LEADER 00000nas2a2200000 4500
001 0014061
005 20250730114325.4
022 |a 0025-3723 
041 0 |a eng 
044 |a GB 
245 1 0 |a Marketing in Europe 
264 1 |a London  |b Economist Intelligence Unit  |c 1977 
300 |a 1 zv. 
773 0 |w eu_un_cat*0012890